000 00591nam a22002057a 4500
999 _c172488
_d172488
005 20200206105405.0
010 _aENG-127656
020 _a9789353433000
_c849.00
035 _aEN-111188
037 _bDBAD/PUB
082 _a510.9
100 _aKatz,Victor
245 _aA History of Matahematics/
_bby Victor J.Katz
250 _a3rd.
260 _aNoida
_bPearson
_c2019
270 _bNoida
_a15th floor,Tower-B,World Trade Tower,plot no.1,Block-c,sector 16
_e201301
300 _axvi;976p.
_b25cm(pbk)
500 _ainclude index
942 _2ddc
_cEN
_h510.9
_mVIC